000 00597nam a2200205Ia 4500
008 191130s2008##################000#0#eng##
020 _a9780470153482
040 _aACL
_cACL
082 _a381.177 COL
100 _aCollier, Marsha
245 _aEBay for Canadians for dummies
_cMarsha Collier, Bill Summers
260 _aMississauga, Ont
_bJ. Wiley & Sons Canada
_c©2008
300 _axx, 396 p. : ill. ; 24 cm
500 _aIncludes Index
650 _aeBay (Firm)
650 _aInternet auctions
990 _aa6659e86ac10000c2ec01b07c7197c6e
991 _a341159
999 _c155515
_d155515